000 00760nam a2200229Ia 4500
003 GCL
008 140319s9999 xx 000 0 ara d
020 _a7605366977
040 _aGCL /
_cGCL
082 0 4 _a370.1
_bح م
100 1 _aحامد عمار
245 1 0 _aمن همومنا التربوية والثقافية /
_cحامد عمار
250 _aالثانية
260 _aالقاهرة :
_bمكتبة الدار العربية للكتاب ،
_c1997
300 _a242 ؛
_c24 سم
490 _aدراسات فى التربية والثقافة
_v0
650 0 4 _aالمدرسة والمجتمع
650 0 4 _aالثقافة الاسلامية
650 0 4 _aالثقافة
650 0 4 _aالتعليم - فلسفة
942 _2ddc
_cBK
999 _c44138
_d44138